|
|
|
|
| LEADER |
00000cam a2200000 7i4500 |
| 001 |
0000030879 |
| 005 |
19800216.0 |
| 008 |
240606 my eng |
| 040 |
|
|
|a INS
|b eng
|e rda
|
| 090 |
0 |
0 |
|a HD1382.5.M4
|b M35 2007
|
| 245 |
0 |
0 |
|a Rules and guidelines to the test of professional competence for the estate agency practice
|
| 250 |
|
|
|a Second edition
|
| 264 |
|
1 |
|a Kuala Lumpur :
|b The Board of Valuers, Appraisers, and Estate Agents, Malaysia
|c [2007]
|
| 300 |
|
|
|a 11 pages ;
|c 30 cm.
|
| 336 |
|
|
|a text
|2 rdacontent
|
| 337 |
|
|
|a unmediated
|2 rdamedia
|
| 338 |
|
|
|a volume
|2 rdacarrier
|
| 500 |
|
|
|a 1 September 2007
|
| 650 |
|
0 |
|a Estate agents
|x Handbooks, manuals, etc.
|
| 650 |
|
0 |
|a Estate agents
|z Malaysia
|
| 650 |
|
0 |
|a Test of professional competence
|
| 710 |
2 |
|
|a Board of Valuers, Appraisers & Estates Agents, Malaysia
|
| 999 |
|
|
|a 0000007488
|b BOOK
|c Red Spot (Folio)
|e Default branch
|
| 999 |
|
|
|a 0000016560
|b BOOK
|c Red Spot (Folio)
|e Default branch
|
| 999 |
|
|
|a 0000016561
|b BOOK
|c Red Spot (Folio)
|e Default branch
|
| 999 |
|
|
|a 0000023110
|b BOOK
|c Red Spot (Folio)
|e Default branch
|
| 999 |
|
|
|a 1000001441
|b BOOK
|c Red Spot (Folio)
|e Default branch
|